000 00663nam a2200217 i 4500
001 136682
003 ES-MaACL
005 20240103181256.0
007 t|
008 070214s1958 sp f |||| |bspa d
100 1 _aSagardía, Ángel.
_9139049
245 1 0 _aFederico Chueca /
_cÁngel Sagardía.
260 _aMadrid :
_bPublicaciones Españolas,
_c1958 (
_fGráf. Ibarra)
300 _a29 p., [4] p. de lám. ;
_c24 cm.
490 1 _aTemas españoles ;
_v374
600 0 4 _aChueca, Federico,
_d1846-1908
_938685
830 0 _aTemas españoles ;
_v374
_9178712
852 _aES-MaACL
_j2018-F-3
852 _aES-MaACL
_j2020-F-19
999 _c136682
_d136682